[Event "Kurunegala op 11th"]
[Site "Kurunegala"]
[Date "2019.12.01"]
[Round "3"]
[White "Sanjaya, WM Lanknath"]
[Black "Amarasinghe, AACB"]
[Result "0-1"]
[WhiteElo "1255"]
[BlackElo "1908"]
[PlyCount "58"]
[EventDate "2019.11.30"]
[EventType "swiss"]
[EventRounds "10"]
[EventCountry "SRI"]
[SourceTitle "CBM 193 Extra"]
[Source "ChessBase"]
[SourceDate "2020.01.31"]
[SourceVersion "1"]
[SourceVersionDate "2020.01.31"]
[SourceQuality "1"]

1. b3 e5 2. Bb2 Nc6 3. e3 Nf6 4. Bb5 Bd6 5. Nf3 e4 6. Bxc6 dxc6 7. Nd4 Ng4 8. Nc3 f5 9. Qe2 a6 10. Qc4 Bd7 11. Ne6 Qe7 12. Nf4 b5 13. Qe2 0-0 14. h3 Nf6 15. Rg1 Qf7 16. h4 c5 17. Rh1 b4 18. Na4 Bb5 19. Qd1 Rad8 20. Nh3 h6 21. Nf4 Rfe8 22. c4 Bxa4 23. bxa4 Bxf4 24. exf4 e3 25. Bxf6 exd2+ 26. Kf1 Qxf6 27. Rb1 Qc3 28. Rh3 Qxc4+ 29. Kg1 Re1+ 0-1

[Event "Ambalangoda Dhamso op 8th"]
[Site "Ambalangoda"]
[Date "2018.04.22"]
[Round "7"]
[White "Sudarshana, PHM"]
[Black "Sanjaya, WM Lanknath"]
[Result "0-1"]
[WhiteElo "1577"]
[BlackElo "1284"]
[PlyCount "82"]
[EventDate "2018.04.19"]
[EventType "swiss"]
[EventRounds "9"]
[EventCountry "SRI"]
[SourceTitle "CBM 184 Extra"]
[Source "ChessBase"]
[SourceDate "2018.06.28"]
[SourceVersion "1"]
[SourceVersionDate "2018.06.28"]
[SourceQuality "1"]

1. Nf3 Nf6 2. e4 Nxe4 3. Bc4 d5 4. Bb3 Bg4 5. Nc3 e6 6. Qe2 Nxc3 7. bxc3 c6 8. 0-0 Qf6 9. Kh1 Bxf3 10. gxf3 Bd6 11. Rg1 Nd7 12. d4 h6 13. Bd2 Nf8 14. Rab1 Ng6 15. f4 Bxf4 16. Rxg6 fxg6 17. Bxf4 Qxf4 18. Qxe6+ Kf8 19. Re1 Qxf2 20. c4 Qf6 21. cxd5 Qxe6 22. dxe6 Ke7 23. c4 Rhf8 24. d5 cxd5 25. cxd5 Rad8 26. Kg2 Rf6 27. Rc1 Rdf8 28. Ba4 Rf2+ 29. Kg1 a6 30. Bb3 b5 31. Rc7+ Kd6 32. Rc6+ Ke5 33. Rc1 Rd2 34. Rf1 Rxf1+ 35. Kxf1 Kd6 36. h4 g5 37. hxg5 hxg5 38. Ke1 Rb2 39. Kf1 a5 40. e7 Kxe7 41. d6+ Kxd6 0-1

[Event "Ambalangoda Dhamso op 8th"]
[Site "Ambalangoda"]
[Date "2018.04.20"]
[Round "3"]
[White "Dabarera, GWDM"]
[Black "Sanjaya, WM Lanknath"]
[Result "1-0"]
[WhiteElo "1721"]
[BlackElo "1284"]
[PlyCount "69"]
[EventDate "2018.04.19"]
[EventType "swiss"]
[EventRounds "9"]
[EventCountry "SRI"]
[SourceTitle "CBM 184 Extra"]
[Source "ChessBase"]
[SourceDate "2018.06.28"]
[SourceVersion "1"]
[SourceVersionDate "2018.06.28"]
[SourceQuality "1"]

1. e4 c5 2. d4 cxd4 3. c3 e6 4. cxd4 d5 5. e5 Bb4+ 6. Nc3 Bd7 7. Qg4 Bf8 8. Bd3 Nc6 9. Nge2 g6 10. h4 h5 11. Qg3 Nge7 12. Bg5 Qb6 13. 0-0 Nxd4 14. Nxd4 Qxd4 15. Ne2 Qb6 16. Be3 Qd8 17. Nd4 a6 18. Rfc1 Bh6 19. Bxh6 Rxh6 20. b4 Nf5 21. Bxf5 exf5 22. Qe3 Rh8 23. e6 Bc8 24. exf7+ Kxf7 25. Qe5 Re8 26. Rc7+ Re7 27. Rac1 Bd7 28. Qxd5+ Kg7 29. Qd6 Kf7 30. Nf3 Qe8 31. Rxd7 Qxd7 32. Ne5+ Rxe5 33. Qxd7+ Re7 34. Qd5+ Kg7 35. Qd6 1-0